000 00825nam a2200253 4500
001 6103
003 BD-RjUL
005 20211208234203.0
008 860101s1961 us a b 000 0beng d
035 _aBD-RjUL6142
040 _aBD-RjUL
_beng
_cBD-RjUL
_dBD-RjUL
041 _aeng
082 _219
_a 016.00409
100 1 _aWRITINGS, SELECTED.
_d1791-1871.
_919205
245 1 0 _aCharles Babbage and his calculating engines :
_bselected writings /
_cby Charles Babbage and others. Edited with an introd. by Philip Morrison and Emily Morrison
260 _aNew York :
_bDover Publications,
_c1961
300 _a400 p :
_billus ;
_c21 cm
504 _aIncludes bibliography
650 0 _aCalculators
_919206
650 0 _aScientists
_vCorrespondence
_919207
942 _2ddc
_cBK
999 _c6103
_d6103